[Event "FRA-ch op-B U18"]
[Site "Calvi"]
[Date "2005.04.??"]
[Round "4"]
[White "Bole, Felix"]
[Black "Riedel Sexer, Gauthier"]
[Result "0-1"]
[WhiteElo "1400"]
[BlackElo "1320"]
[PlyCount "44"]
[EventDate "2005.04.??"]
[EventType "swiss"]
[EventRounds "9"]
[EventCountry "FRA"]
[SourceTitle "EXT 2006"]
[Source "ChessBase"]
[SourceDate "2005.11.24"]
[SourceVersion "1"]
[SourceVersionDate "2005.11.24"]
[SourceQuality "1"]

1. e4 c5 2. Nf3 d6 3. d4 cxd4 4. Nxd4 Nf6 5. Nc3 a6 6. Be2 e5 7. Nb3 Be7 8. 0-0 0-0 9. Bh5 Nxh5 10. Qxh5 b5 11. Qf3 f5 12. exf5 Rxf5 13. Qxa8 Nd7 14. Qd5+ Kh8 15. Qe4 Nf6 16. Qd3 d5 17. Bg5 Rxg5 18. Rfe1 d4 19. Rad1 Bb7 20. g3 b4 21. Ne2 Qd5 22. Nexd4 Qg2# 0-1